| 000 | 00788nam a22001937a 4500 | ||
|---|---|---|---|
| 005 | 20251108164957.0 | ||
| 008 | 250721s1993 xx 000 0 ara d | ||
| 082 | 1 | 4 | _a214.1/عثي |
| 100 | 1 | _aإبن عثيمين، محمد بن صالح | |
| 245 | 1 | 0 |
_aتقريب التدمرية : _bتحقيق الإثبات للأسماء و الصفات و حقيقة الجمع بين القدر و الشرع لشيخ الإسلام أحمد عبد الحليم بن تيميه / |
| 264 | 1 |
_aالقاهرة : _bمكتبة السنة، _c1993. |
|
| 300 | _a176ص. | ||
| 650 | 1 | 7 | _aالإسلام |
| 650 | 1 | 7 | _aأصول الدين الإسلامي |
| 650 | 1 | 7 | _aالتوحيد |
| 700 | 1 |
_aالجليمي، سيد بن عباس بن علي _eتحقيق |
|
| 942 |
_2ddc _cBK |
||
| 999 |
_c18896 _d18896 |
||